000 00749nam a22002175i 4500
001 167775
003 ES-MaACL
005 20250716063328.0
008 050927s1823 fr | |||||||| ||fre d
040 _aCAM
_bspa
_cCAM
100 0 _aVoltaire,
_d1694-1778
_9115721
245 1 0 _aHistoire de Charles XII /
_cde Voltaire.
260 _aParis :
_bP. Dupont, libraire-éditeur,
_c1823 (
_fImprimerie de Gaultier-Laguionie)
300 _a379 p. ;
_c21 cm.
490 1 _aOeuvres complètes de Voltaire ;
_v22
600 1 4 _aCarlos
_bXII
_cRey de Suecia.
_9126340
651 4 _aSuecia-
_xHistoria.
_9137371
830 0 _aOeuvres complètes de Voltaire ;
_v22
_9188721
852 _aES-MaACL
_jF-7542
_z-- Enc. hol.
999 _c167775
_d167775